20 Biggest Capitals by Land Area - Statistics

General Stats
  • This quiz has been taken 43 times
  • The average score is 12 of 20
Answer Stats
Rank Capital Country % Correct
12. Moscow Russia
97%
13. Tokyo Japan
92%
3. Beijing China
89%
17. London United Kingdom
86%
19. Mexico City Mexico
86%
9. Cairo Egypt
78%
20. Rome Italy
78%
1. Ankara Turkey
70%
10. Ottawa Canada
70%
16. Riyadh Saudi Arabia
70%
18. Bangkok Thailand
65%
5. Brasilia Brazil
65%
8. Hanoi Vietnam
57%
7. Ulaanbaatar Mongolia
41%
15. Pyongyang North Korea
38%
2. Khartoum Sudan
35%
11. Dodoma Tanzania
24%
4. Naypyidaw Myanmar
19%
6. Windhoek Namibia
8%
14. Yamoussoukro Ivory Coast
5%
No matching quizzes found
Score Distribution
Percent of People with Each Score
Percentile by Number Answered
Your Score History
You have not taken this quiz